| 000 | 00715cam a2200241 4500 | ||
|---|---|---|---|
| 008 | 090401t1999 xxu||||| |||| 00| 0 eng d | ||
| 020 | _a0793131669 | ||
| 035 | _a(Sirsi) u92998 | ||
| 041 | _aeng | ||
| 050 | _a333.330973 | ||
| 100 | _aTuccillo, John | ||
| 245 | 4 | _aThe eight new rules of real estate : doing business in a consumer-centric, techno-savvy world. | |
| 260 |
_aChicago, Ill. _bReal Estate Education Company _c1999 |
||
| 300 | _avii,200p. ; 23cm. | ||
| 350 | _a24.95 | ||
| 650 | _aMANAGEMENT-BUSINESS MANAGEMENT-INFORMATION MANAGEMENT | ||
| 650 | _aPROPERTY | ||
| 650 | _aREAL ESTATE | ||
| 650 | _aUNITED STATES | ||
| 690 | _aOVERSEAS-NORTH AMERICA | ||
| 942 | _n0 | ||
| 948 | _c27/04/1999 | ||
| 999 |
_c97796 _d97796 |
||